000 00683nam a2200265 i 4500
001 C2-0265229
003 PPAK
005 20180727233259.0
008 050613s1997 my |||| ||||| | may d
020 _a9831000218
040 _aPPAK
_beng
_cPPAK
_erda
082 0 4 _a616.89
_223
090 0 0 _a616.89
_bLOK
_dG
090 0 0 _a616.89
_bLOK
_dR
100 1 _aLoke, Kwok Hien,
_eauthor
245 1 0 _aAsas psikiatri
264 1 _aKuala Lumpur :
_bUniversiti Malaya ,
_c1997
300 _axvii, 336 pages ;
_c21 cm
336 _2rdacontent
_atext
337 _2rdamedia
_aunmediated
338 _2rdacarrier
_avolume
650 1 0 _aPsychiatry.
700 _eauthor
942 _ddc
_cB
999 _c74839
_d74839